|
|
|
|
| LEADER |
00654nab a2200181 i 4500 |
| 001 |
misc25562 |
| 005 |
20191108145959.0 |
| 008 |
170828s1967 hu o 0|| zxx d |
| 040 |
|
|
|a SZTE Miscellanea Repozitórium
|b hun
|
| 041 |
|
|
|a zxx
|
| 100 |
1 |
|
|a Csillik Bertalan
|
| 245 |
1 |
0 |
|a Cholinergic mechanism in the release of catecholamines from intra-ganglionic inhibitory terminals
|h [elektronikus dokumentum] /
|c Csillik Bertalan
|
| 260 |
|
|
|c 1967
|
| 300 |
|
|
|a 1-3
|
| 490 |
0 |
|
|a Kolligátum
|
| 695 |
|
|
|a Idegrendszer - anatómia
|
| 700 |
0 |
2 |
|a Csillikné Knyihár Erzsébet
|e aut
|
| 856 |
4 |
0 |
|u http://misc.bibl.u-szeged.hu/25562/1/017_019_001-003b.pdf
|z Dokumentum-elérés
|